| 000 | 00338nam a2200133Ia 4500 | ||
|---|---|---|---|
| 005 | 20251222143258.0 | ||
| 008 | 251222s9999||||xx |||||||||||||| ||spa|| | ||
| 020 | _a84-89292-70-1 | ||
| 082 | _a985.019.1/C61/1995 | ||
| 100 | _a"Cieza de León, Pedro" | ||
| 245 | 0 | _aLa crúnica del Perú: primera parte | |
| 250 | _a3a.ed. | ||
| 942 | _cLIB | ||
| 999 |
_c15237 _d15237 |
||